书目信息 |
| 题名: |
狗眼
|
|
| 作者: | 韩乃寅 著 | |
| 分册: | ||
| 出版信息: | 天津 百花文艺出版社 2009.04 |
|
| 页数: | 376页 | |
| 开本: | 21cm | |
| 丛书名: | ||
| 单 册: | ||
| 中图分类: | I247.5 | |
| 科图分类: | ||
| 主题词: | 长篇小说--chang pian xiao shuo--中国--当代 | |
| 电子资源: | ||
| ISBN: | 978-7-5306-5261-9 | |
| 000 | 00750nam0 2200229 450 | |
| 001 | 012009454502 | |
| 005 | 20100406194341.79 | |
| 010 | @a978-7-5306-5261-9@dCNY23.00 | |
| 100 | @a20100406d2009 em y0chiy0120 ea | |
| 101 | 0 | @achi |
| 102 | @aCN@b120000 | |
| 105 | @ay z 000ay | |
| 106 | @ar | |
| 200 | 1 | @a狗眼@Agou yan@f韩乃寅著@Fhan nai yin zhu |
| 210 | @a天津@c百花文艺出版社@d2009.04 | |
| 215 | @a376页@d21cm | |
| 330 | @a本书是作家韩乃寅继创作了《高天厚土》、《破天荒》等作品之后,推出的又一力作。本书是典型的官场小说记录。本书内容丰富,可读性强。 | |
| 606 | 0 | @a长篇小说@Achang pian xiao shuo@y中国@z当代 |
| 690 | @aI247.5@v4 | |
| 701 | 0 | @a韩乃寅@Ahan nai yin@4著 |
| 801 | 0 | @aCN@bQSSK@c20100406 |
| 905 | @b775115-17@dI247.5@eH088@f3 | |
| 狗眼/韩乃寅著.-天津:百花文艺出版社,2009.04 |
| 376页;21cm |
| ISBN 978-7-5306-5261-9:CNY23.00 |
| 本书是作家韩乃寅继创作了《高天厚土》、《破天荒》等作品之后,推出的又一力作。本书是典型的官场小说记录。本书内容丰富,可读性强。 |
| ● |
| 相关链接 |
|
|
|
正题名:狗眼
索取号:I247.5/H088
 
预约/预借
| 序号 | 登录号 | 条形码 | 馆藏地/架位号 | 状态 | 备注 |
| 1 | 775115 | 207751155 | 文学库108/108文学库 29排1列1层/ [索取号:I247.5/H088] | 在馆 | |
| 2 | 775116 | 207751164 | 文学库108/108文学库 29排1列1层/ [索取号:I247.5/H088] | 在馆 | |
| 3 | 775117 | 207751173 | 文学库108/108文学库 29排1列1层/ [索取号:I247.5/H088] | 在馆 |